Memory Game - Match 15 Pairs of Symbols - Statistics

General Stats
  • This quiz has been taken 455 times
  • The average score is 19 of 40
Answer Stats
% Correct
0
87%
1 $
82%
A //
82%
2
73%
B
72%
D $
68%
3 X
68%
C +
66%
00 O
64%
4 @
64%
6 O
63%
5 #
63%
E #
63%
9
62%
7 //
61%
8 +
60%
F
60%
11 +
60%
G
59%
J X
57%
H @
56%
I O
55%
22 @
55%
33 $
54%
44 //
50%
66
50%
55 #
48%
99 X
47%
77
46%
88
46%
1 √ (0, G, 06)
15%
8 √ (1, D, 03)
15%
4 √ (2, B, 07)
12%
6 √ (3, J, 09)
11%
2 √ (7, A , 04)
10%
7 √ (9, F, 08)
10%
0 √ (5, E, 05)
9%
5 √ (6, I, 00)
9%
9 √ (4, H, 02)
8%
3 √ (8, C, 01)
7%
No matching quizzes found
Score Distribution
Percent of People with Each Score
Percentile by Number Answered
Your Score History
You have not taken this quiz